[Event "Bundesliga 0102"]
[Site "Deutschland"]
[Date "2001.10.06"]
[Round "1.8"]
[White "Berger, Steve"]
[Black "Berezovsky, Igor"]
[Result "1/2-1/2"]
[WhiteElo "2311"]
[BlackElo "2406"]
[PlyCount "83"]
[EventDate "2001.10.06"]
[EventType "team"]
[EventRounds "15"]
[EventCountry "GER"]
[SourceTitle "Bundesliga 0102"]
[Source "DeepChess"]
[SourceDate "2005.01.01"]
[SourceVersion "1"]
[SourceVersionDate "2005.01.01"]
[SourceQuality "1"]
[WhiteTeam "SC Koenigsspringer 1984 Hamburg"]
[BlackTeam "Stuttgarter SF 1879"]
[WhiteTeamCountry "GER"]
[BlackTeamCountry "GER"]

1. e4 e6 2. d3 d5 3. Nd2 c5 4. Ngf3 Nc6 5. g3 Bd6 6. Bg2 Nge7 7. O-O O-O 8. Re1
b5 9. h4 c4 10. d4 b4 11. e5 Bc7 12. Nf1 c3 13. bxc3 bxc3 14. Ba3 Ba6 15. Ne3
Bb6 16. h5 h6 17. Ng4 Re8 18. Bxe7 Qxe7 19. a3 Na5 20. Re3 Rac8 21. Bf1 Bxf1
22. Qxf1 Nc4 23. Rd3 Nb2 24. Re3 Nc4 25. Rd3 Nxa3 26. Qc1 Nc4 27. Qf4 Kh7 28.
Nfh2 Qg5 29. Qxf7 Re7 30. Qf3 Kh8 31. Kg2 Qxh5 32. Rh1 Nd2 33. Qe3 Nc4 34. Qc1
Qg6 35. Rf3 Nd2 36. Rf4 Rf7 37. Nf6 Rc4 38. Rg4 Qf5 39. Rf4 Qg6 40. Rg4 Qf5 41.
Rf4 Qg6 42. Rg4 1/2-1/2

[Event "Bundesliga 0102"]
[Site "Deutschland"]
[Date "2001.10.06"]
[Round "1.1"]
[White "Lautier, Joel"]
[Black "Movsesian, Sergei"]
[Result "1/2-1/2"]
[WhiteElo "2675"]
[BlackElo "2627"]
[PlyCount "88"]
[EventDate "2001.10.06"]
[EventType "team"]
[EventRounds "15"]
[EventCountry "GER"]
[SourceTitle "Bundesliga 0102"]
[Source "DeepChess"]
[SourceDate "2005.01.01"]
[SourceVersion "1"]
[SourceVersionDate "2005.01.01"]
[SourceQuality "1"]
[WhiteTeam "SG 1868 Aljech. Solingen"]
[BlackTeam "SF Neukoelln 03 e.V."]
[WhiteTeamCountry "GER"]
[BlackTeamCountry "GER"]

1. c4 Nf6 2. Nc3 e5 3. Nf3 Nc6 4. g3 Bc5 5. Bg2 O-O 6. d3 h6 7. a3 a6 8. b4 Ba7
9. O-O d6 10. Nd2 Be6 11. Nd5 Bxd5 12. cxd5 Ne7 13. Qb3 Qd7 14. e3 Kh8 15. Bb2
Nh7 16. d4 exd4 17. Bxd4 Bxd4 18. exd4 Nf6 19. Rfc1 Rac8 20. Nf1 c6 21. dxc6
Nxc6 22. Qd3 Ne7 23. Ne3 Rxc1+ 24. Rxc1 Rc8 25. Rxc8+ Nxc8 26. Qf5 Qxf5 27.
Nxf5 d5 28. Bh3 g6 29. Nxh6 Nd6 30. Ng4 Nxg4 31. Bxg4 Nb5 32. Bc8 Nxa3 33. Bxb7
Nc2 34. Bxd5 Kg7 35. Kf1 Nxd4 36. Be4 f5 37. Bd3 Nc6 38. Bxa6 Nxb4 39. Bb5 g5
40. Ke2 Kf6 41. Bc4 Ke5 42. Bb3 f4 43. Kf3 fxg3 44. hxg3 Kf6 1/2-1/2

[Event "Bundesliga 0102"]
[Site "Deutschland"]
[Date "2001.10.06"]
[Round "1.2"]
[White "Stohl, Igor"]
[Black "Piket, Jeroen"]
[Result "1-0"]
[WhiteElo "2533"]
[BlackElo "2630"]
[PlyCount "79"]
[EventDate "2001.10.06"]
[EventType "team"]
[EventRounds "15"]
[EventCountry "GER"]
[SourceTitle "Bundesliga 0102"]
[Source "DeepChess"]
[SourceDate "2005.01.01"]
[SourceVersion "1"]
[SourceVersionDate "2005.01.01"]
[SourceQuality "1"]
[WhiteTeam "SF Neukoelln 03 e.V."]
[BlackTeam "SG 1868 Aljech. Solingen"]
[WhiteTeamCountry "GER"]
[BlackTeamCountry "GER"]

1. d4 g6 2. Nf3 Bg7 3. c4 d6 4. Nc3 Bg4 5. e3 c6 6. Be2 Nd7 7. O-O Ngf6 8. e4
Bxf3 9. Bxf3 h5 10. d5 a6 11. Be2 Qb6 12. Rb1 Ng4 13. Bd2 Be5 14. h3 Ngf6 15.
Be3 Qc7 16. Qc2 cxd5 17. Nxd5 Nxd5 18. exd5 b5 19. Rfc1 b4 20. Qa4 a5 21. c5
O-O 22. c6 Nb6 23. Qd1 a4 24. f4 Bg7 25. f5 gxf5 26. Bxh5 Ra5 27. Bf3 e5 28.
dxe6 fxe6 29. Qd2 Rb8 30. Qxb4 Nd5 31. Qd2 Rab5 32. Bd4 Nf6 33. Bc3 e5 34. Re1
Rc5 35. Bb4 e4 36. Bxc5 dxc5 37. Be2 Qxc6 38. Bc4+ Kh8 39. Qf4 Nh5 40. Qxb8+
1-0

[Event "Bundesliga 0102"]
[Site "Deutschland"]
[Date "2001.10.06"]
[Round "1.7"]
[White "Lobron, Eric"]
[Black "Poldauf, Dirk"]
[Result "0-1"]
[WhiteElo "2524"]
[BlackElo "2403"]
[PlyCount "72"]
[EventDate "2001.10.06"]
[EventType "team"]
[EventRounds "15"]
[EventCountry "GER"]
[SourceTitle "Bundesliga 0102"]
[Source "DeepChess"]
[SourceDate "2005.01.01"]
[SourceVersion "1"]
[SourceVersionDate "2005.01.01"]
[SourceQuality "1"]
[WhiteTeam "SG 1868 Aljech. Solingen"]
[BlackTeam "SF Neukoelln 03 e.V."]
[WhiteTeamCountry "GER"]
[BlackTeamCountry "GER"]

1. e4 e6 2. d3 b5 3. d4 Bb7 4. Nd2 b4 5. Ngf3 c5 6. dxc5 Bxc5 7. Bd3 d6 8. Nb3
Bb6 9. a3 bxa3 10. Rxa3 Nf6 11. Qe2 O-O 12. O-O Nbd7 13. Be3 Re8 14. Rfa1 Qb8
15. Na5 Bxa5 16. Rxa5 Bxe4 17. Bxe4 Nxe4 18. Bxa7 Qb7 19. Rb5 Qc7 20. Qxe4 Rxa7
21. Rxa7 Qxa7 22. h3 h6 23. Qc6 d5 24. Rb7 Qa1+ 25. Kh2 Nf6 26. Qc7 Rf8 27. Ne5
Qc1 28. Nd3 Qd2 29. b4 Ne4 30. f3 Nc3 31. Qf4 Qxc2 32. Ne5 Ne2 33. Qe3 d4 34.
Qd3 Qa2 35. Qc4 Qd2 36. Nd3 Qe3 0-1

[Event "Bundesliga 0102"]
[Site "Deutschland"]
[Date "2001.10.06"]
[Round "1.8"]
[White "Rudolf, Henrik"]
[Black "Naumann, Alexander"]
[Result "1-0"]
[WhiteElo "2328"]
[BlackElo "2480"]
[PlyCount "71"]
[EventDate "2001.10.06"]
[EventType "team"]
[EventRounds "15"]
[EventCountry "GER"]
[SourceTitle "Bundesliga 0102"]
[Source "DeepChess"]
[SourceDate "2005.01.01"]
[SourceVersion "1"]
[SourceVersionDate "2005.01.01"]
[SourceQuality "1"]
[WhiteTeam "SF Neukoelln 03 e.V."]
[BlackTeam "SG 1868 Aljech. Solingen"]
[WhiteTeamCountry "GER"]
[BlackTeamCountry "GER"]

1. e4 c6 2. d4 d5 3. exd5 cxd5 4. c4 Nf6 5. Nc3 Nc6 6. Nf3 Bg4 7. cxd5 Nxd5 8.
Qb3 Bxf3 9. gxf3 Nb6 10. d5 Nd4 11. Bb5+ Nxb5 12. Nxb5 a6 13. Nc3 Rc8 14. O-O
Nd7 15. Qxb7 g6 16. Re1 Rb8 17. Qxa6 Bg7 18. Bg5 Ne5 19. Re3 O-O 20. Qe2 Rb6
21. f4 f6 22. fxe5 fxg5 23. a4 Rb4 24. a5 Qb8 25. a6 Qa7 26. Ra4 Rxa4 27. Nxa4
Ra8 28. d6 Bf8 29. Qc4+ Kh8 30. Rb3 exd6 31. Rb7 Qxa6 32. Qf7 Qxb7 33. Qxb7
Rxa4 34. e6 Ra1+ 35. Kg2 Re1 36. Qf7 1-0

[Event "Bundesliga 0102"]
[Site "Deutschland"]
[Date "2001.10.06"]
[Round "1.2"]
[White "Nielsen, Peter Heine"]
[Black "Bischoff, Klaus"]
[Result "1-0"]
[WhiteElo "2593"]
[BlackElo "2541"]
[PlyCount "81"]
[EventDate "2001.10.06"]
[EventType "team"]
[EventRounds "15"]
[EventCountry "GER"]
[SourceTitle "Bundesliga 0102"]
[Source "DeepChess"]
[SourceDate "2005.01.01"]
[SourceVersion "1"]
[SourceVersionDate "2005.01.01"]
[SourceQuality "1"]
[WhiteTeam "SV Wattenscheid 1930"]
[BlackTeam "SK Koenig Plauen"]
[WhiteTeamCountry "GER"]
[BlackTeamCountry "GER"]

1. d4 e6 2. c4 b6 3. a3 g6 4. e4 Bg7 5. Nf3 Ne7 6. Bd3 d6 7. Nc3 Nd7 8. O-O h6
9. Be3 Bb7 10. Rc1 g5 11. d5 Ng6 12. Nd4 Qe7 13. Ncb5 Nc5 14. dxe6 fxe6 15. Bb1
Bxd4 16. e5 O-O-O 17. exd6 cxd6 18. Bxd4 Nh4 19. f3 Rhg8 20. b4 e5 21. Bf2 Nxg2
22. bxc5 dxc5 23. Nxa7+ Kb8 24. Qa4 Qe6 25. Nb5 Nf4 26. Be4 Rg7 27. Qa7+ Kc8
28. Bxb7+ Rxb7 29. Qa8+ Rb8 30. Qe4 Rd2 31. Rce1 Rb7 32. Bg3 Qh3 33. Rf2 Rxf2
34. Qc6+ Kd8 35. Rd1+ Rd7 36. Rxd7+ Qxd7 37. Qxd7+ Kxd7 38. Kxf2 Nd3+ 39. Ke2
Nb2 40. Bxe5 Nxc4 41. Bg7 1-0

[Event "Bundesliga 0102"]
[Site "Deutschland"]
[Date "2001.10.06"]
[Round "1.4"]
[White "Hall, Jesper"]
[Black "Boensch, Uwe"]
[Result "1/2-1/2"]
[WhiteElo "2501"]
[BlackElo "2542"]
[PlyCount "49"]
[EventDate "2001.10.06"]
[EventType "team"]
[EventRounds "15"]
[EventCountry "GER"]
[SourceTitle "Bundesliga 0102"]
[Source "DeepChess"]
[SourceDate "2005.01.01"]
[SourceVersion "1"]
[SourceVersionDate "2005.01.01"]
[SourceQuality "1"]
[WhiteTeam "SV Wattenscheid 1930"]
[BlackTeam "SK Koenig Plauen"]
[WhiteTeamCountry "GER"]
[BlackTeamCountry "GER"]

1. e4 c5 2. Nc3 d6 3. f4 Nc6 4. Nf3 g6 5. Bc4 Bg7 6. O-O Nf6 7. d3 O-O 8. Qe1
Nd4 9. Bb3 Nxb3 10. axb3 e6 11. Qh4 Nd7 12. Qxd8 Rxd8 13. Nb5 Nf6 14. Nc7 Rb8
15. Rxa7 Bd7 16. e5 dxe5 17. Nxe5 Bc6 18. Na6 Rbc8 19. Nxc5 Bd5 20. b4 b6 21.
c4 bxc5 22. cxd5 cxb4 23. dxe6 fxe6 24. Ra6 Nd5 25. Nc4 1/2-1/2

[Event "Bundesliga 0102"]
[Site "Deutschland"]
[Date "2001.10.06"]
[Round "1.5"]
[White "Kindermann, Stefan"]
[Black "Holzke, Frank"]
[Result "1/2-1/2"]
[WhiteElo "2520"]
[BlackElo "2468"]
[PlyCount "71"]
[EventDate "2001.10.06"]
[EventType "team"]
[EventRounds "15"]
[EventCountry "GER"]
[SourceTitle "Bundesliga 0102"]
[Source "DeepChess"]
[SourceDate "2005.01.01"]
[SourceVersion "1"]
[SourceVersionDate "2005.01.01"]
[SourceQuality "1"]
[WhiteTeam "SK Koenig Plauen"]
[BlackTeam "SV Wattenscheid 1930"]
[WhiteTeamCountry "GER"]
[BlackTeamCountry "GER"]

1. e4 e6 2. d4 d5 3. Nd2 c5 4. exd5 Qxd5 5. Ngf3 cxd4 6. Bc4 Qd6 7. O-O Nf6 8.
Nb3 Nc6 9. Nbxd4 Nxd4 10. Nxd4 Bd7 11. b3 a6 12. Bb2 Be7 13. Qe2 O-O 14. Nf5
exf5 15. Rad1 Qc5 16. Bxf6 Bxf6 17. Rxd7 b5 18. Bd5 Rad8 19. Rxd8 Rxd8 20. c4
bxc4 21. bxc4 Rb8 22. Qf3 g6 23. g4 Rb2 24. gxf5 Kg7 25. fxg6 fxg6 26. a4 Qe7
27. Qe3 Qxe3 28. fxe3 Re2 29. e4 Bd4+ 30. Kh1 Be5 31. Rf7+ Kh6 32. Re7 Bd6 33.
Rd7 Rxh2+ 34. Kg1 Bg3 35. c5 Kg5 36. c6 1/2-1/2

[Event "Bundesliga 0102"]
[Site "Deutschland"]
[Date "2001.10.06"]
[Round "1.6"]
[White "Handke, Florian"]
[Black "Espig, Lutz"]
[Result "1-0"]
[WhiteElo "2384"]
[BlackElo "2421"]
[PlyCount "81"]
[EventDate "2001.10.06"]
[EventType "team"]
[EventRounds "15"]
[EventCountry "GER"]
[SourceTitle "Bundesliga 0102"]
[Source "DeepChess"]
[SourceDate "2005.01.01"]
[SourceVersion "1"]
[SourceVersionDate "2005.01.01"]
[SourceQuality "1"]
[WhiteTeam "SV Wattenscheid 1930"]
[BlackTeam "SK Koenig Plauen"]
[WhiteTeamCountry "GER"]
[BlackTeamCountry "GER"]

1. e4 c5 2. Nf3 e6 3. Nc3 d6 4. d4 cxd4 5. Nxd4 Nf6 6. g4 a6 7. g5 Nfd7 8. h4
b5 9. Be3 b4 10. Nce2 Bb7 11. f3 Nb6 12. Bh3 d5 13. Nf4 e5 14. Nde6 fxe6 15.
Nxe6 Qd6 16. Bc5 Qc6 17. exd5 Nxd5 18. Bxf8 Rxf8 19. Qe2 Nd7 20. O-O-O Kf7 21.
Nxf8 Nxf8 22. Qxe5 Re8 23. Qd4 Ne3 24. Rd2 Nc4 25. Bd7 Nxd7 26. Qxd7+ Qxd7 27.
Rxd7+ Re7 28. Rd4 Rc7 29. Re1 Kg6 30. f4 Kf5 31. h5 Kg4 32. h6 gxh6 33. gxh6
Kf3 34. f5 Ne3 35. Rd3 Rxc2+ 36. Kb1 Re2 37. Rxe2 Kxe2 38. f6 Kxd3 39. f7 Kd2
40. b3 Be4+ 41. Kb2 1-0

[Event "Bundesliga 0102"]
[Site "Deutschland"]
[Date "2001.10.06"]
[Round "1.7"]
[White "Kuraszkiewicz, Michael"]
[Black "Ellers, Holger"]
[Result "0-1"]
[WhiteElo "2350"]
[BlackElo "2444"]
[PlyCount "80"]
[EventDate "2001.10.06"]
[EventType "team"]
[EventRounds "15"]
[EventCountry "GER"]
[SourceTitle "Bundesliga 0102"]
[Source "DeepChess"]
[SourceDate "2005.01.01"]
[SourceVersion "1"]
[SourceVersionDate "2005.01.01"]
[SourceQuality "1"]
[WhiteTeam "SK Koenig Plauen"]
[BlackTeam "SV Wattenscheid 1930"]
[WhiteTeamCountry "GER"]
[BlackTeamCountry "GER"]

1. d4 Nf6 2. c4 c5 3. e3 g6 4. Nc3 Bg7 5. d5 O-O 6. Nf3 d6 7. Nd2 Nbd7 8. Be2
a6 9. a4 b6 10. O-O Ne8 11. Qb3 Nc7 12. e4 Rb8 13. f4 Nf6 14. h3 e6 15. Rd1
exd5 16. cxd5 Re8 17. Bf3 b5 18. axb5 axb5 19. Nc4 Bxh3 20. gxh3 bxc4 21. Qxc4
Rb4 22. Qf1 Nd7 23. Qg2 Nb5 24. Nxb5 Rxb5 25. Ra7 c4 26. Kh1 Nc5 27. Qc2 Rb3
28. Ra3 Qh4 29. Bg2 Rxa3 30. bxa3 Nd3 31. Rf1 Nxc1 32. Qxc1 Rxe4 33. Qb1 Rxf4
34. Qb8+ Bf8 35. Rc1 Rf2 36. Rg1 c3 37. Qb6 Qg3 38. a4 h5 39. Qb3 Bg7 40. a5
Be5 0-1

[Event "Bundesliga 0102"]
[Site "Deutschland"]
[Date "2001.10.06"]
[Round "1.8"]
[White "Straeter, Timo"]
[Black "Schaller, Sven"]
[Result "1-0"]
[WhiteElo "2310"]
[BlackElo "2301"]
[PlyCount "81"]
[EventDate "2001.10.06"]
[EventType "team"]
[EventRounds "15"]
[EventCountry "GER"]
[SourceTitle "Bundesliga 0102"]
[Source "DeepChess"]
[SourceDate "2005.01.01"]
[SourceVersion "1"]
[SourceVersionDate "2005.01.01"]
[SourceQuality "1"]
[WhiteTeam "SV Wattenscheid 1930"]
[BlackTeam "SK Koenig Plauen"]
[WhiteTeamCountry "GER"]
[BlackTeamCountry "GER"]

1. d4 Nf6 2. Nf3 e6 3. e3 b6 4. Bd3 Bb7 5. O-O d5 6. Nbd2 c5 7. c3 Be7 8. Ne5
O-O 9. Bc2 b5 10. a4 b4 11. cxb4 cxd4 12. exd4 Bxb4 13. Nb3 Nbd7 14. Qd3 Rc8
15. Bg5 Nxe5 16. dxe5 Qc7 17. Rac1 Ne4 18. Be3 Qxe5 19. f3 Bd6 20. g3 Ba6 21.
Qxa6 Nxg3 22. Rfe1 Nf5 23. f4 Qf6 24. Bxf5 Rxc1 25. Bxh7+ Kxh7 26. Nxc1 Bxf4
27. Qd3+ g6 28. Bxf4 Qxf4 29. a5 Rb8 30. Rf1 Qc7 31. Qd4 Qe7 32. Nd3 Rc8 33.
Ne5 f6 34. Ng4 e5 35. Nxf6+ Kg7 36. Qxd5 Rf8 37. Qd7 Qxd7 38. Nxd7 Rc8 39. b4
e4 40. Nc5 Rb8 41. Rb1 1-0

[Event "Bundesliga 0102"]
[Site "Deutschland"]
[Date "2001.10.07"]
[Round "2.1"]
[White "Aronian, Levon"]
[Black "Luther, Thomas"]
[Result "1/2-1/2"]
[WhiteElo "2562"]
[BlackElo "2604"]
[PlyCount "81"]
[EventDate "2001.10.06"]
[EventType "team"]
[EventRounds "15"]
[EventCountry "GER"]
[SourceTitle "Bundesliga 0102"]
[Source "DeepChess"]
[SourceDate "2005.01.01"]
[SourceVersion "1"]
[SourceVersionDate "2005.01.01"]
[SourceQuality "1"]
[WhiteTeam "SV Wattenscheid 1930"]
[BlackTeam "Erfurter SK"]
[WhiteTeamCountry "GER"]
[BlackTeamCountry "GER"]

1. e4 e6 2. Nc3 d5 3. d4 Nf6 4. Bg5 Be7 5. e5 Nfd7 6. h4 Bxg5 7. hxg5 Qxg5 8.
Nh3 Qe7 9. Nf4 Nc6 10. Qg4 Nxd4 11. O-O-O Nf5 12. Nfxd5 exd5 13. Nxd5 Qxe5 14.
Bb5 O-O 15. Bxd7 Bxd7 16. Qh5 h6 17. Rhe1 Qd6 18. Ne7+ Nxe7 19. Rxd6 cxd6 20.
Rxe7 Bc6 21. f3 Rae8 22. Qh4 d5 23. Kd2 Rxe7 24. Qxe7 Re8 25. Qc7 a6 26. a4 Re6
27. b3 Rg6 28. g4 Re6 29. b4 g5 30. Qa5 d4 31. b5 axb5 32. axb5 Re5 33. Qa8+
Re8 34. Qa4 Bxf3 35. Qxd4 Re4 36. Qd3 Rf4 37. c4 Bxg4 38. c5 Bf3 39. Ke3 Kg7
40. Qc3+ Kg8 41. c6 1/2-1/2

[Event "Bundesliga 0102"]
[Site "Deutschland"]
[Date "2001.10.07"]
[Round "2.3"]
[White "Rustemov, Alexander"]
[Black "Paehtz, Thomas Sr"]
[Result "1/2-1/2"]
[WhiteElo "2607"]
[BlackElo "2451"]
[PlyCount "91"]
[EventDate "2001.10.06"]
[EventType "team"]
[EventRounds "15"]
[EventCountry "GER"]
[SourceTitle "Bundesliga 0102"]
[Source "DeepChess"]
[SourceDate "2005.01.01"]
[SourceVersion "1"]
[SourceVersionDate "2005.01.01"]
[SourceQuality "1"]
[WhiteTeam "SV Wattenscheid 1930"]
[BlackTeam "Erfurter SK"]
[WhiteTeamCountry "GER"]
[BlackTeamCountry "GER"]

1. d4 Nf6 2. c4 g6 3. g3 Bg7 4. Bg2 O-O 5. Nc3 d6 6. Nf3 Nc6 7. O-O a6 8. d5
Na5 9. Nd2 c5 10. Qc2 Rb8 11. b3 b5 12. Bb2 e5 13. e4 Bh6 14. Nd1 bxc4 15. Nxc4
Nxc4 16. bxc4 Nh5 17. Bc1 Bxc1 18. Rxc1 f5 19. exf5 Bxf5 20. Qc3 Nf6 21. Ne3
Bd7 22. h3 Qc7 23. Kh2 a5 24. Rb1 a4 25. Rxb8 Qxb8 26. Qa1 Qc7 27. Qc3 Qb6 28.
Qc2 Rb8 29. f4 exf4 30. Rxf4 Nh5 31. Rf2 Qb1 32. Qe2 Rf8 33. Qb2 Rb8 34. Qd2
Qb4 35. Qe2 Rf8 36. Rxf8+ Kxf8 37. Qf3+ Ke7 38. Qe4+ Kd8 39. g4 Nf6 40. Qf4 Ke7
41. Qh6 Qc3 42. a3 Kd8 43. Qf4 Kc7 44. Nd1 Qc2 45. Nf2 Qc3 46. Nd1 1/2-1/2

[Event "Bundesliga 0102"]
[Site "Deutschland"]
[Date "2001.10.07"]
[Round "2.4"]
[White "Fontaine, Robert"]
[Black "Hall, Jesper"]
[Result "1/2-1/2"]
[WhiteElo "2452"]
[BlackElo "2501"]
[PlyCount "71"]
[EventDate "2001.10.06"]
[EventType "team"]
[EventRounds "15"]
[EventCountry "GER"]
[SourceTitle "Bundesliga 0102"]
[Source "DeepChess"]
[SourceDate "2005.01.01"]
[SourceVersion "1"]
[SourceVersionDate "2005.01.01"]
[SourceQuality "1"]
[WhiteTeam "Erfurter SK"]
[BlackTeam "SV Wattenscheid 1930"]
[WhiteTeamCountry "GER"]
[BlackTeamCountry "GER"]

1. e4 c5 2. Nf3 e6 3. d4 cxd4 4. Nxd4 Nf6 5. Nc3 Nc6 6. Ndb5 Bc5 7. Bf4 O-O 8.
Bc7 Qe7 9. Bd6 Bxd6 10. Qxd6 Ne8 11. Qxe7 Nxe7 12. O-O-O f5 13. exf5 Nxf5 14.
f4 a6 15. Nd4 b5 16. Nxf5 Rxf5 17. g3 Bb7 18. Rg1 Nf6 19. b4 Rc8 20. Kb2 Nd5
21. Nxd5 Rxd5 22. Bd3 h6 23. a4 Kf7 24. axb5 axb5 25. Rge1 Kf6 26. h4 Bc6 27.
Re3 Rh8 28. Rf1 Rf8 29. Re5 Rb8 30. Rfe1 Ke7 31. Kc3 Rxe5 32. fxe5 d6 33. Kd4
Ra8 34. Rf1 dxe5+ 35. Kxe5 Rd8 36. Be4 1/2-1/2

[Event "Bundesliga 0102"]
[Site "Deutschland"]
[Date "2001.10.07"]
[Round "2.5"]
[White "Holzke, Frank"]
[Black "Mueller, Matthias"]
[Result "1-0"]
[WhiteElo "2468"]
[BlackElo "2402"]
[PlyCount "81"]
[EventDate "2001.10.06"]
[EventType "team"]
[EventRounds "15"]
[EventCountry "GER"]
[SourceTitle "Bundesliga 0102"]
[Source "DeepChess"]
[SourceDate "2005.01.01"]
[SourceVersion "1"]
[SourceVersionDate "2005.01.01"]
[SourceQuality "1"]
[WhiteTeam "SV Wattenscheid 1930"]
[BlackTeam "Erfurter SK"]
[WhiteTeamCountry "GER"]
[BlackTeamCountry "GER"]

1. e4 e5 2. Nf3 Nc6 3. Bb5 a6 4. Ba4 Nf6 5. O-O b5 6. Bb3 Bc5 7. a4 Bb7 8. c3
d6 9. d4 Bb6 10. Bg5 h6 11. Bxf6 Qxf6 12. Bd5 O-O 13. Na3 exd4 14. cxd4 Rfb8
15. Nc2 bxa4 16. Rxa4 a5 17. Qd2 Ne7 18. Bxb7 Rxb7 19. h3 Re8 20. Re1 Ng6 21.
Ra3 Rbb8 22. g3 c5 23. Rae3 cxd4 24. Nfxd4 Ne5 25. b3 Rec8 26. Rc3 Rxc3 27.
Qxc3 Bc5 28. Re3 Rb4 29. Kg2 Nd7 30. Rf3 Qe5 31. Nxb4 axb4 32. Qc4 d5 33. Qb5
dxe4 34. Rxf7 Kxf7 35. Qxd7+ Kf6 36. Ne2 Qd6 37. Qg4 Qd3 38. Nf4 Qf3+ 39. Qxf3
exf3+ 40. Kxf3 Ke5 41. Nd3+ 1-0

[Event "Bundesliga 0102"]
[Site "Deutschland"]
[Date "2001.10.07"]
[Round "2.6"]
[White "Votava, Jan"]
[Black "Handke, Florian"]
[Result "1-0"]
[WhiteElo "2509"]
[BlackElo "2384"]
[PlyCount "65"]
[EventDate "2001.10.06"]
[EventType "team"]
[EventRounds "15"]
[EventCountry "GER"]
[SourceTitle "Bundesliga 0102"]
[Source "DeepChess"]
[SourceDate "2005.01.01"]
[SourceVersion "1"]
[SourceVersionDate "2005.01.01"]
[SourceQuality "1"]
[WhiteTeam "Erfurter SK"]
[BlackTeam "SV Wattenscheid 1930"]
[WhiteTeamCountry "GER"]
[BlackTeamCountry "GER"]

1. c4 Nf6 2. Nc3 e5 3. g3 d5 4. cxd5 Nxd5 5. Bg2 Nb6 6. Nf3 Nc6 7. O-O Be7 8.
d3 O-O 9. Be3 Be6 10. Rc1 f6 11. Ne4 Bd5 12. Nc5 Rb8 13. a3 Re8 14. Nh4 Nd4 15.
b4 Bf8 16. Bxd4 exd4 17. Nf3 g6 18. Nb3 Bh6 19. Ra1 Bxf3 20. Bxf3 f5 21. Nc5 c6
22. Qb3+ Kh8 23. Ra2 Qd6 24. Rc2 Re7 25. a4 a6 26. Rb1 Re5 27. Nxb7 Rxb7 28.
Rxc6 Qd7 29. Rc5 Re7 30. a5 Nc8 31. Bxb7 Qxb7 32. Qc4 Re8 33. Rc7 1-0

[Event "Bundesliga 0102"]
[Site "Deutschland"]
[Date "2001.10.07"]
[Round "2.7"]
[White "Ellers, Holger"]
[Black "Casper, Thomas"]
[Result "1-0"]
[WhiteElo "2444"]
[BlackElo "2409"]
[PlyCount "79"]
[EventDate "2001.10.06"]
[EventType "team"]
[EventRounds "15"]
[EventCountry "GER"]
[SourceTitle "Bundesliga 0102"]
[Source "DeepChess"]
[SourceDate "2005.01.01"]
[SourceVersion "1"]
[SourceVersionDate "2005.01.01"]
[SourceQuality "1"]
[WhiteTeam "SV Wattenscheid 1930"]
[BlackTeam "Erfurter SK"]
[WhiteTeamCountry "GER"]
[BlackTeamCountry "GER"]

1. d4 Nf6 2. Nf3 d6 3. c4 Nbd7 4. Nc3 e5 5. e4 g6 6. g3 Bg7 7. Bg2 O-O 8. O-O
c6 9. b3 Re8 10. h3 a6 11. Qc2 b5 12. Rd1 Bb7 13. dxe5 dxe5 14. a3 Qe7 15. Be3
Rac8 16. Rd2 a5 17. Rad1 Bf8 18. Bg5 Qe6 19. Qb2 b4 20. axb4 axb4 21. Na4 c5
22. Nh2 Bc6 23. Bxf6 Bxa4 24. Bg5 Bc6 25. Ng4 h5 26. Nh2 Nb8 27. Nf1 Bb7 28.
Ne3 f6 29. Bxf6 Qxf6 30. Nd5 Qe6 31. f4 Nc6 32. f5 Qf7 33. Rf2 g5 34. Bf3 Nd4
35. Bxh5 Qg7 36. f6 Qh6 37. Bxe8 Qxh3 38. Rd3 g4 39. f7+ Kg7 40. Rh2 1-0

[Event "Bundesliga 0102"]
[Site "Deutschland"]
[Date "2001.10.07"]
[Round "2.8"]
[White "Brueggemann, Joachim"]
[Black "Straeter, Timo"]
[Result "0-1"]
[WhiteElo "2358"]
[BlackElo "2310"]
[PlyCount "84"]
[EventDate "2001.10.06"]
[EventType "team"]
[EventRounds "15"]
[EventCountry "GER"]
[SourceTitle "Bundesliga 0102"]
[Source "DeepChess"]
[SourceDate "2005.01.01"]
[SourceVersion "1"]
[SourceVersionDate "2005.01.01"]
[SourceQuality "1"]
[WhiteTeam "Erfurter SK"]
[BlackTeam "SV Wattenscheid 1930"]
[WhiteTeamCountry "GER"]
[BlackTeamCountry "GER"]

1. e4 e5 2. Nf3 d6 3. d4 Nf6 4. Nc3 exd4 5. Nxd4 Be7 6. Be2 O-O 7. O-O Re8 8.
Re1 a6 9. a4 c5 10. Nf3 Nc6 11. h3 Nb4 12. Bc4 Bf8 13. Bg5 h6 14. Bh4 Be6 15.
Bxe6 Rxe6 16. Re2 g5 17. Bg3 Qe8 18. e5 dxe5 19. Bxe5 Rd8 20. Qf1 Nd7 21. Bc7
Rc8 22. Bh2 Rxe2 23. Nxe2 Nxc2 24. Rc1 Nb4 25. Nc3 Qe6 26. Re1 Qc6 27. Qc4 Nf6
28. h4 g4 29. Ne5 Qe6 30. Qe2 Re8 31. f3 gxf3 32. Qxf3 Nc2 33. Rf1 Bg7 34. Qxb7
Ne3 35. Rb1 Nfg4 36. Nf3 Nd1 37. Bg3 Qe3+ 38. Kh1 Ndf2+ 39. Bxf2 Nxf2+ 40. Kh2
Qf4+ 41. Kg1 Rb8 42. Ne2 Nh3+ 0-1

[Event "Bundesliga 0102"]
[Site "Deutschland"]
[Date "2001.10.07"]
[Round "2.1"]
[White "Dautov, Rustem"]
[Black "Shirov, Alexei"]
[Result "1-0"]
[WhiteElo "2630"]
[BlackElo "2706"]
[PlyCount "65"]
[EventDate "2001.10.06"]
[EventType "team"]
[EventRounds "15"]
[EventCountry "GER"]
[SourceTitle "Bundesliga 0102"]
[Source "DeepChess"]
[SourceDate "2005.01.01"]
[SourceVersion "1"]
[SourceVersionDate "2005.01.01"]
[SourceQuality "1"]
[WhiteTeam "Godesberger SK 1929"]
[BlackTeam "Luebecker SV von 1873 "]
[WhiteTeamCountry "GER"]
[BlackTeamCountry "GER"]

1. d4 d5 2. c4 c6 3. Nf3 Nf6 4. e3 e6 5. Bd3 Nbd7 6. O-O Bd6 7. Nbd2 O-O 8. e4
e5 9. cxd5 cxd5 10. exd5 exd4 11. Ne4 Nxe4 12. Bxe4 Nf6 13. Qxd4 Nxe4 14. Qxe4
Re8 15. Qd4 Bf5 16. Bg5 Qd7 17. Rfe1 b6 18. Bh4 Bc5 19. Qd2 Be4 20. Rad1 a5 21.
a3 Qg4 22. Bg3 Bxf3 23. gxf3 Qxf3 24. d6 Red8 25. d7 h5 26. Qd5 Qf6 27. Qxa8
Rxa8 28. Re8+ Kh7 29. Rxa8 Be7 30. Re1 Bd8 31. h4 b5 32. Rxd8 Qxd8 33. Rd1 1-0